|
|
|
|
| LEADER |
00000nab a2200000ua 4500 |
| 001 |
vtls010846293 |
| 003 |
SK-MaSNL |
| 005 |
20260303205538.0 |
| 008 |
230218s2006 xo |||||||||||||||||eng| |
| 035 |
|
|
|a (urnnbn)urn:nbn:sk:snk:ar-a075ek
|
| 035 |
|
|
|a urn:nbn:sk:snk-ab67px
|
| 035 |
|
|
|a (uuid)a08cd7cf-b9d6-4ac1-afda-da62bc6f2ca5
|
| 040 |
|
|
|a SNKBUCL
|b slo
|c SNKBUCL
|e AACR2
|
| 041 |
0 |
|
|a eng
|
| 044 |
|
|
|a xo
|c SK
|
| 100 |
1 |
|
|a Buršák, Marián,
|d 1949-
|4 aut
|9 196062
|
| 245 |
1 |
0 |
|a INFLUENCE OF TECHNOLOGICAL FACTORS ON FATIGUE PROPERTIES OF STEEL SHEETS
|c Marián Buršák, Otakar Bokůvka
|
| 700 |
1 |
|
|a Bokůvka, Otakar,
|d 1945-
|4 aut
|9 196729
|
| 773 |
0 |
|
|t Komunikácie : vedecké listy Žilinskej univerzity
|g Roč. 8, č. 4 (2006), s. 34-37
|
| 958 |
|
|
|a OND
|
| 958 |
|
|
|a EUIPO
|
| 958 |
|
|
|a article5
|
| 999 |
|
|
|c 2195874
|d 2197804
|